Schaum's outline of theory and problems of computer graphics (Record no. 8113)

000 -LEADER
fixed length control field 00572nam a22002057a 4500
001 - CONTROL NUMBER
control field 8113
003 - CONTROL NUMBER IDENTIFIER
control field BD-DhUET
008 - FIXED-LENGTH DATA ELEMENTS--GENERAL INFORMATION
fixed length control field 150118b xxu||||| |||| 00| 0 eng d
020 ## - INTERNATIONAL STANDARD BOOK NUMBER
International Standard Book Number 0070991537
040 ## - CATALOGING SOURCE
Original cataloging agency DLC
Transcribing agency DLC
Modifying agency BD-DhUET
082 ## - DEWEY DECIMAL CLASSIFICATION NUMBER
Classification number 001.6443
Item number PLA/1996
100 ## - MAIN ENTRY--PERSONAL NAME
Personal name Plastock, Roy A.
245 ## - TITLE STATEMENT
Title Schaum's outline of theory and problems of computer graphics
Statement of responsibility, etc. by Plastock, Roy A
250 ## - EDITION STATEMENT
Edition statement Ist. ed.
260 ## - PUBLICATION, DISTRIBUTION, ETC. (IMPRINT)
Place of publication, distribution, etc. New york
Name of publisher, distributor, etc. McGraw-Hill
Date of publication, distribution, etc. 1986
300 ## - PHYSICAL DESCRIPTION
Extent viii,340p.
Other physical details ill.
650 #0 - SUBJECT ADDED ENTRY--TOPICAL TERM
Topical term or geographic name as entry element Computer graphics, computer
700 ## - ADDED ENTRY--PERSONAL NAME
Personal name Kalley, Gordon
942 ## - ADDED ENTRY ELEMENTS (KOHA)
Koha item type General Book
Holdings
Withdrawn status Damaged status Koha issues (times borrowed) Koha item type Koha date last seen Shelving location Not for loan Location (home branch) Sublocation or collection (holding branch) Koha normalized classification for sorting Lost status Price effective from Piece designation (barcode) Copy number Date acquired Koha date last borrowed Koha full call number Source of classification or shelving scheme
   General Book2016-01-05Circulation section Central Library, BUETCentral Library, BUET001_644300000000000_PLA_1996 2015-01-189101812015-01-18 001.6443/PLA/1996 
   General Book2015-01-18Circulation section Central Library, BUETCentral Library, BUET001_644300000000000_PLA_1996 2015-01-189102122015-01-18 001.6443/PLA/1996 
  1General Book2019-04-08Circulation section Central Library, BUETCentral Library, BUET001_644300000000000_PLA_1996 2015-01-189101032015-01-182019-02-24001.6443/PLA/1996 
  1General Book2022-10-10Circulation section Central Library, BUETCentral Library, BUET001_644300000000000_PLA_1996 2015-01-189103042015-01-182022-10-02001.6443/PLA/1996 
   General Book2015-01-18Circulation section Central Library, BUETCentral Library, BUET001_644300000000000_PLA_1996 2015-01-189102252015-01-18 001.6443 PLA/1996 
   Reading Item2015-06-06Reading section Central Library, BUETCentral Library, BUET001_644300000000000_PLA_1996 2015-06-069100862015-06-06 001.6443/PLA/1996 
   General Book2015-06-06Reading section Central Library, BUETCentral Library, BUET001_644300000000000_PLA_1996 2015-06-069100972015-06-06 001.6443/PLA/1996